000 00837cab a2200229 4500
001 WB2745-37
008 090401t1991 xxu||||| |||| 00| 0 eng d
035 _a(Sirsi) u44919
041 _aeng
245 _aReview of hill farming support
260 _c1991
350 _a0
490 _aMAFF News Release
_v(392) 13 November 1991 (2)
520 _aA consultation paper sets out proposals for including environmental measures in the Hill Livestock Compensatory Allowance scheme; specific definition of overgrazing; and ESAs to promote the rejuvenation of damaged upland vegetation.
650 _aENVIRONMENTALLY SENSITIVE AREAS
650 _aHILL FARMING
650 _aHILL LIVESTOCK COMPENSATORY ALLOWANCES
690 _aENVIRONMENTAL AND LAND CONSULTANCY
690 _aRURAL PRACTICE
942 _n0
948 _c04/03/1997
999 _c28549
_d28549